书目信息 |
| 题名: |
2008考研数学基础班辅导讲义
|
|
| 作者: | 蔡子华 主编 | |
| 分册: | ||
| 出版信息: | 2007.06 |
|
| 页数: | 40页 | |
| 开本: | 26cm | |
| 丛书名: | ||
| 单 册: | ||
| 中图分类: | O13-44 | |
| 科图分类: | ||
| 主题词: | 高等数学 | |
| 电子资源: | ||
| ISBN: | ||
| 000 | 00720nam0 2200193 450 | |
| 001 | 0853070733 | |
| 005 | 20100507150040.42 | |
| 010 | @dCNY4.50 | |
| 100 | @a20080618d2007 km y0chiy0120 ea | |
| 101 | 0 | @achi |
| 200 | 1 | @a2008考研数学基础班辅导讲义@A2008 kao yan shu xue ji chu ban fu dao jiang yi@e理解基本概念 掌握解题方法 突破典型例题 注重总结归纳@f蔡子华主编@Fcai zi hua zhu bian |
| 210 | @d2007.06 | |
| 215 | @a40页@d26cm | |
| 517 | 1 | @a理解基本概念 掌握解题方法 突破典型例题 注重总结归纳@Ali jie ji ben gai nian zhang wo jie ti fang fa tu po dian xing li ti zhu zhong zong jie gui na |
| 606 | 0 | @a高等数学 |
| 690 | @aO13-44@v4 | |
| 701 | 0 | @a蔡子华@Acai zi hua@4主编 |
| 801 | 0 | @aCN@c20100507 |
| 905 | @dO13-44@eC0710 | |
| 2008考研数学基础班辅导讲义:理解基本概念 掌握解题方法 突破典型例题 注重总结归纳/蔡子华主编.-2007.06 |
| 40页;26cm |
| ISBN :CNY4.50 |
| ● |
| 相关链接 |
|
|
|
正题名:2008考研数学基础班辅导讲义
索取号:O13-44/C0710
 
预约/预借
| 序号 | 登录号 | 条形码 | 馆藏地/架位号 | 状态 | 备注 |
| 1 | 453095 | 204530953 | 自科二线504/504自科库 25排2列5层/ [索取号:O13-44/C0710] | 在馆 | |
| 2 | 453105 | 204531051 | 自科库401/401自科库 108排7列5层/ [索取号:O13-44/C0710] | 在馆 | |
| 3 | 453141 | 204531417 | 自科二线504/504自科库 25排2列5层/ [索取号:O13-44/C0710] | 在馆 | |
| 4 | 453155 | 204531550 | 自科库401/401自科库 108排7列5层/ [索取号:O13-44/C0710] | 在馆 |